000 00745nam a2200289Ia 4500
005 20260324121945.0
008 008 260324s9999 xx 000 0 eng d
020 _a9781003059318
037 _aEBOOK
040 _aCRL
040 _beng
040 _cCRL
041 _2eng
041 _aeng
084 _qCRL
100 _aDenys Kristalia Villa Gómez
_91164549
245 0 _aSimultaneous Sulfate Reduction and Metal Precipitation in an Inverse Fluidized Bed Reactor
245 0 _bUNESCO-IHE PhD Thesis
260 _bTaylor and Francis
260 _c2013
365 _a
365 _b535
856 _uhttp://www.taylorfrancis.com/books/9781003059318
942 _cEBOOK
999 _c1756955
_d1756955